00233nam a2200109Ia 4500100001700000250000600017654001300023245003400036260003300070300000800103546001200111 aKorth/ H.F.  a3 aDatabase aDatabase Systems Concepts 3rd bMc Graw HillaNew yorkc1998 a819 aENGLISH